[Event "Russian Championship (Rapid, Women)"]
[Site "Sochi"]
[Date "2018.10.05"]
[Round "1.9"]
[White "Shendrik, Zhanna"]
[Black "Bivol, Alina"]
[Result "0-1"]
[BlackElo "2322"]
[WhiteElo "1986"]
[LiveChessVersion "1.4.8"]

1. d4 {[%clk 0:15:17]} Nf6 {[%clk 0:15:19]} 2. c4 {[%clk 0:15:25]} g6
{[%clk 0:15:27]} 3. Nc3 {[%clk 0:15:29]} Bg7 {[%clk 0:15:33]} 4. Nf3
{[%clk 0:15:34]} d6 {[%clk 0:15:42]} 5. Bf4 {[%clk 0:15:23]} O-O {[%clk 0:15:48]}
6. h3 {[%clk 0:15:07]} c5 {[%clk 0:15:43]} 7. e3 {[%clk 0:14:52]} cxd4
{[%clk 0:15:41]} 8. exd4 {[%clk 0:14:58]} d5 {[%clk 0:15:50]} 9. Be2
{[%clk 0:14:10]} Nc6 {[%clk 0:15:59]} 10. O-O {[%clk 0:13:15]} b6
{[%clk 0:16:07]} 11. Rc1 {[%clk 0:12:08]} Bb7 {[%clk 0:16:11]} 12. b3
{[%clk 0:11:21]} Rc8 {[%clk 0:15:45]} 13. Ne5 {[%clk 0:10:28]} dxc4
{[%clk 0:12:32]} 14. bxc4 {[%clk 0:08:41]} Nxd4 {[%clk 0:12:24]} 15. Qa4
{[%clk 0:08:10]} Ne4 {[%clk 0:11:55]} 16. Bg4 {[%clk 0:06:59]} Nxc3
{[%clk 0:11:14]} 17. Rxc3 {[%clk 0:06:57]} f5 {[%clk 0:10:50]} 18. Bd1
{[%clk 0:06:13]} Rc5 {[%clk 0:08:37]} 19. Qxa7 {[%clk 0:04:45]} Qc8
{[%clk 0:08:21]} 20. Qxb6 {[%clk 0:03:27]} Ne6 {[%clk 0:06:12]} 21. Be3
{[%clk 0:00:47]} Rxe5 {[%clk 0:06:10]} 22. Rb3 {[%clk 0:00:56]} Ba6
{[%clk 0:05:37]} 23. Bf3 {[%clk 0:00:41]} f4 {[%clk 0:05:17]} 24. Bd2
{[%clk 0:00:42]} Bxc4 {[%clk 0:04:50]} 25. Rc1 {[%clk 0:00:48]} Qa6
{[%clk 0:04:22]} 26. Qxa6 {[%clk 0:00:41]} Bxa6 {[%clk 0:04:31]} 27. Rb6
{[%clk 0:00:50]} Bc8 {[%clk 0:03:43]} 28. Bb4 {[%clk 0:00:25]} Nd4
{[%clk 0:03:44]} 29. Bd1 {[%clk 0:00:21]} f3 {[%clk 0:03:39]} 30. Bc3
{[%clk 0:00:19]} Rc5 {[%clk 0:02:43]} 31. Bd2 {[%clk 0:00:12]} Rxc1
{[%clk 0:02:45]} 0-1

[Event "Russian Championship (Rapid, Women)"]
[Site "Sochi"]
[Date "2018.10.05"]
[Round "1.10"]
[White "Guseva, Marina"]
[Black "Yakimova, Mariya"]
[Result "1-0"]
[BlackElo "1981"]
[WhiteElo "2320"]
[LiveChessVersion "1.4.8"]

1. d4 {[%clk 0:15:19]} f5 {[%clk 0:15:27]} 2. c4 {[%clk 0:15:27]} Nf6
{[%clk 0:15:36]} 3. Nc3 {[%clk 0:15:35]} e6 {[%clk 0:15:31]} 4. e3
{[%clk 0:15:43]} d5 {[%clk 0:15:30]} 5. Bd3 {[%clk 0:15:51]} c6 {[%clk 0:15:36]}
6. Nge2 {[%clk 0:15:59]} Bd6 {[%clk 0:15:39]} 7. f3 {[%clk 0:16:01]} O-O
{[%clk 0:15:36]} 8. O-O {[%clk 0:16:08]} Nbd7 {[%clk 0:13:29]} 9. cxd5
{[%clk 0:15:16]} cxd5 {[%clk 0:13:38]} 10. Bd2 {[%clk 0:14:46]} b6
{[%clk 0:11:46]} 11. Nb5 {[%clk 0:12:29]} Bb8 {[%clk 0:11:49]} 12. Bb4
{[%clk 0:12:20]} Rf7 {[%clk 0:08:18]} 13. Nd6 {[%clk 0:11:56]} Bxd6
{[%clk 0:08:27]} 14. Bxd6 {[%clk 0:12:04]} Nf8 {[%clk 0:08:34]} 15. Bg3
{[%clk 0:10:34]} Nh5 {[%clk 0:07:06]} 16. Bf2 {[%clk 0:09:43]} Bb7
{[%clk 0:07:15]} 17. Nc3 {[%clk 0:09:26]} g5 {[%clk 0:05:28]} 18. g4
{[%clk 0:08:36]} Ng7 {[%clk 0:05:37]} 19. Bg3 {[%clk 0:08:30]} Ng6
{[%clk 0:04:19]} 20. Qc2 {[%clk 0:05:36]} Rc8 {[%clk 0:04:25]} 21. Rae1
{[%clk 0:05:38]} Qf6 {[%clk 0:04:11]} 22. Qd2 {[%clk 0:04:04]} e5
{[%clk 0:02:00]} 23. dxe5 {[%clk 0:01:25]} Nxe5 {[%clk 0:02:09]} 24. Be2
{[%clk 0:01:03]} Nc4 {[%clk 0:01:15]} 25. Bxc4 {[%clk 0:01:10]} dxc4
{[%clk 0:01:24]} 26. e4 {[%clk 0:01:18]} Rd8 {[%clk 0:01:14]} 27. Qe2
{[%clk 0:01:18]} fxg4 {[%clk 0:01:00]} 28. fxg4 {[%clk 0:01:24]} Qd4+
{[%clk 0:01:09]} 29. Rf2 {[%clk 0:00:47]} Ne6 {[%clk 0:00:49]} 30. Rd1
{[%clk 0:00:53]} Qc5 {[%clk 0:00:47]} 31. Rxd8+ {[%clk 0:00:58]} Nxd8
{[%clk 0:00:56]} 32. Kg2 {[%clk 0:00:50]} Ne6 {[%clk 0:00:51]} 33. Qd2
{[%clk 0:00:51]} Rxf2+ {[%clk 0:00:37]} 34. Qxf2 {[%clk 0:00:59]} Qxf2+
{[%clk 0:00:20]} 35. Kxf2 {[%clk 0:01:08]} Nc5 {[%clk 0:00:30]} 36. Ke3
{[%clk 0:01:17]} Kf7 {[%clk 0:00:23]} 37. Bd6 {[%clk 0:01:06]} Ne6
{[%clk 0:00:16]} 38. Be5 {[%clk 0:01:08]} Nc5 {[%clk 0:00:20]} 39. Bd4
{[%clk 0:01:16]} Nd7 {[%clk 0:00:26]} 40. Nb5 {[%clk 0:01:25]} Ke6
{[%clk 0:00:20]} 41. Nxa7 {[%clk 0:01:29]} Ne5 {[%clk 0:00:21]} 42. h3
{[%clk 0:01:28]} Nd3 {[%clk 0:00:19]} 43. Nb5 {[%clk 0:01:23]} Bc6
{[%clk 0:00:17]} 44. Na3 {[%clk 0:01:04]} b5 {[%clk 0:00:20]} 45. Nc2
{[%clk 0:01:11]} Bb7 {[%clk 0:00:18]} 46. b3 {[%clk 0:01:09]} Nc1
{[%clk 0:00:19]} 47. bxc4 {[%clk 0:01:11]} bxc4 {[%clk 0:00:28]} 48. Nb4
{[%clk 0:01:19]} Ke7 {[%clk 0:00:16]} 49. Bb2 {[%clk 0:00:39]} Nd3
{[%clk 0:00:24]} 50. Nxd3 {[%clk 0:00:47]} cxd3 {[%clk 0:00:33]} 51. Bc1
{[%clk 0:00:53]} h6 {[%clk 0:00:42]} 52. a4 {[%clk 0:00:38]} Ba6 {[%clk 0:00:43]}
53. Bd2 {[%clk 0:00:46]} Ke6 {[%clk 0:00:27]} 54. Kd4 {[%clk 0:00:54]} Kd6
{[%clk 0:00:37]} 55. a5 {[%clk 0:01:03]} Bb5 {[%clk 0:00:20]} 56. Ke3
{[%clk 0:01:07]} Ke6 {[%clk 0:00:14]} 57. Bc3 {[%clk 0:01:15]} Kf7
{[%clk 0:00:19]} 58. Be5 {[%clk 0:01:20]} Ba6 {[%clk 0:00:20]} 59. Bc3
{[%clk 0:01:28]} Ke6 {[%clk 0:00:13]} 60. Bg7 {[%clk 0:01:35]} d2
{[%clk 0:00:15]} 61. Kxd2 {[%clk 0:01:44]} Bf1 {[%clk 0:00:25]} 62. Bxh6
{[%clk 0:01:33]} Kd7 {[%clk 0:00:34]} 63. Ke3 {[%clk 0:01:39]} Bxh3
{[%clk 0:00:21]} 64. Kf3 {[%clk 0:01:48]} Kc6 {[%clk 0:00:21]} 65. Bxg5
{[%clk 0:01:56]} Kb5 {[%clk 0:00:31]} 66. Bd2 {[%clk 0:02:04]} Bf1
{[%clk 0:00:28]} 67. Kf4 {[%clk 0:02:11]} 1-0

[Event "Russian Championship (Rapid, Women)"]
[Site "Sochi"]
[Date "2018.10.05"]
[Round "1.11"]
[White "Illina, Natalia"]
[Black "Kovanova, Baira"]
[Result "0-1"]
[BlackElo "2317"]
[WhiteElo "1976"]
[LiveChessVersion "1.4.8"]

1. e4 {[%clk 0:15:19]} e5 {[%clk 0:15:19]} 2. Nf3 {[%clk 0:15:29]} Nc6
{[%clk 0:15:28]} 3. Bb5 {[%clk 0:15:38]} a6 {[%clk 0:15:36]} 4. Ba4
{[%clk 0:15:47]} Nge7 {[%clk 0:15:28]} 5. c3 {[%clk 0:15:35]} g6 {[%clk 0:15:43]}
6. O-O {[%clk 0:15:54]} Bg7 {[%clk 0:15:51]} 7. d4 {[%clk 0:15:57]} exd4
{[%clk 0:15:59]} 8. cxd4 {[%clk 0:16:06]} b5 9. Bc2 d6 {[%clk 0:15:31]} 10. d5
{[%clk 0:14:59]} Na5 {[%clk 0:15:07]} 11. Nbd2 {[%clk 0:15:07]} O-O
{[%clk 0:15:03]} 12. Rb1 {[%clk 0:15:14]} c5 {[%clk 0:14:43]} 13. h3
{[%clk 0:08:46]} c4 {[%clk 0:14:02]} 14. b4 {[%clk 0:08:54]} Nb7 {[%clk 0:12:12]}
15. Re1 {[%clk 0:09:01]} f5 {[%clk 0:11:34]} 16. Nf1 {[%clk 0:07:42]} f4
{[%clk 0:10:25]} 17. Bb2 {[%clk 0:05:46]} c3 {[%clk 0:10:30]} 18. Ba1
{[%clk 0:05:54]} a5 {[%clk 0:10:26]} 19. a3 {[%clk 0:05:26]} axb4
{[%clk 0:10:33]} 20. axb4 {[%clk 0:05:35]} Qc7 {[%clk 0:09:08]} 21. Qd3
{[%clk 0:05:21]} Bd7 {[%clk 0:08:59]} 22. Nd4 {[%clk 0:05:11]} Rfc8
{[%clk 0:07:31]} 23. Nxb5 {[%clk 0:04:23]} Qb6 {[%clk 0:07:05]} 24. Nxc3
{[%clk 0:03:05]} Rxa1 {[%clk 0:06:14]} 25. Rxa1 {[%clk 0:03:14]} Rxc3
{[%clk 0:05:42]} 26. Ra8+ {[%clk 0:02:42]} Kf7 {[%clk 0:04:50]} 27. Qd2
{[%clk 0:02:44]} Be5 {[%clk 0:04:58]} 28. Rb1 {[%clk 0:01:49]} Kg7
{[%clk 0:04:11]} 29. Nh2 {[%clk 0:01:39]} Qc7 {[%clk 0:03:24]} 30. Bd3
{[%clk 0:01:42]} g5 {[%clk 0:03:01]} 31. Nf3 {[%clk 0:01:47]} Bf6
{[%clk 0:03:10]} 32. h4 {[%clk 0:00:26]} h6 {[%clk 0:02:36]} 33. g3
{[%clk 0:00:17]} g4 {[%clk 0:02:34]} 34. Ne1 {[%clk 0:00:17]} fxg3
{[%clk 0:02:11]} 35. fxg3 {[%clk 0:00:22]} Ng6 {[%clk 0:02:20]} 36. e5
{[%clk 0:00:17]} Bxe5 {[%clk 0:01:15]} 37. Bxg6 {[%clk 0:00:24]} Rxg3+
{[%clk 0:01:15]} 38. Kh1 {[%clk 0:00:31]} Rh3+ {[%clk 0:01:18]} 39. Kg1
{[%clk 0:00:29]} Qb6+ {[%clk 0:01:24]} 40. Qf2 {[%clk 0:00:15]} Rh1+
{[%clk 0:00:45]} 41. Kxh1 {[%clk 0:00:23]} Qxf2 {[%clk 0:00:54]} 0-1

[Event "Russian Championship (Rapid, Women)"]
[Site "Sochi"]
[Date "2018.10.05"]
[Round "1.12"]
[White "Tomilova, Elena"]
[Black "Sergeeva, Natalia"]
[Result "1-0"]
[BlackElo "1965"]
[WhiteElo "2275"]
[LiveChessVersion "1.4.8"]

1. e4 {[%clk 0:15:19]} e5 {[%clk 0:15:19]} 2. Bc4 {[%clk 0:15:26]} Nf6
{[%clk 0:15:27]} 3. d3 {[%clk 0:15:35]} Bc5 {[%clk 0:15:10]} 4. Nf3
{[%clk 0:15:39]} d6 {[%clk 0:15:18]} 5. O-O {[%clk 0:15:38]} O-O {[%clk 0:15:06]}
6. c3 {[%clk 0:15:42]} Bb6 {[%clk 0:14:50]} 7. a4 {[%clk 0:15:47]} a5
{[%clk 0:14:38]} 8. Be3 {[%clk 0:15:50]} Nbd7 {[%clk 0:14:01]} 9. h3
{[%clk 0:15:13]} h6 {[%clk 0:14:02]} 10. Nbd2 {[%clk 0:14:48]} Re8
{[%clk 0:13:25]} 11. Qb3 {[%clk 0:13:29]} Qe7 {[%clk 0:12:37]} 12. Nh4
{[%clk 0:11:47]} Nc5 {[%clk 0:10:18]} 13. Qa2 {[%clk 0:11:52]} Be6
{[%clk 0:09:07]} 14. Nf5 {[%clk 0:07:26]} Qd7 {[%clk 0:08:05]} 15. Bxe6
{[%clk 0:06:28]} fxe6 {[%clk 0:05:50]} 16. Rfd1 {[%clk 0:05:48]} Qf7
{[%clk 0:04:52]} 17. Ng3 {[%clk 0:05:03]} Ncd7 {[%clk 0:03:57]} 18. Bxb6
{[%clk 0:04:39]} Nxb6 {[%clk 0:04:05]} 19. d4 {[%clk 0:03:13]} exd4
{[%clk 0:02:45]} 20. cxd4 {[%clk 0:03:22]} Nh5 {[%clk 0:01:58]} 21. Qb3
{[%clk 0:02:12]} Nxg3 {[%clk 0:02:05]} 22. Qxg3 {[%clk 0:02:17]} Rf8
{[%clk 0:02:08]} 23. Ra3 {[%clk 0:02:18]} Qf4 {[%clk 0:01:47]} 24. Qxf4
{[%clk 0:01:52]} Rxf4 {[%clk 0:01:56]} 25. Rc3 {[%clk 0:01:56]} Nxa4
{[%clk 0:01:14]} 26. Rxc7 {[%clk 0:02:04]} Rb8 {[%clk 0:00:32]} 27. b3
{[%clk 0:01:55]} Nb2 {[%clk 0:00:30]} 28. Ra1 {[%clk 0:01:45]} Nd3
{[%clk 0:00:26]} 29. f3 {[%clk 0:01:49]} b6 {[%clk 0:00:26]} 30. Rd7
{[%clk 0:01:20]} e5 {[%clk 0:00:24]} 31. Rxd6 {[%clk 0:01:22]} exd4
{[%clk 0:00:30]} 32. Rxd4 {[%clk 0:01:31]} Nc5 {[%clk 0:00:32]} 33. Rd5
{[%clk 0:01:30]} Na6 {[%clk 0:00:29]} 34. Nc4 {[%clk 0:01:26]} Rf6
{[%clk 0:00:28]} 35. e5 {[%clk 0:01:27]} Rc6 {[%clk 0:00:30]} 36. Rad1
{[%clk 0:01:24]} a4 {[%clk 0:00:32]} 37. Rd6 {[%clk 0:01:14]} Rbc8
{[%clk 0:00:37]} 38. Nxb6 {[%clk 0:01:18]} Rxd6 {[%clk 0:00:43]} 39. exd6
{[%clk 0:01:23]} Rd8 {[%clk 0:00:37]} 40. bxa4 {[%clk 0:01:29]} 1-0

[Event "Russian Championship (Rapid, Women)"]
[Site "Sochi"]
[Date "2018.10.05"]
[Round "2.1"]
[White "Nebolsina, Vera"]
[Black "Gritsayeva, Oksana"]
[Result "1-0"]
[BlackElo "2388"]
[WhiteElo "2157"]
[LiveChessVersion "1.4.8"]

1. e4 {[%clk 0:15:18]} e6 {[%clk 0:15:19]} 2. d4 {[%clk 0:15:25]} d5
{[%clk 0:15:28]} 3. exd5 {[%clk 0:15:31]} exd5 {[%clk 0:15:37]} 4. Nf3
{[%clk 0:15:39]} Nf6 {[%clk 0:15:41]} 5. Bd3 {[%clk 0:15:44]} Bg4
{[%clk 0:15:10]} 6. O-O {[%clk 0:15:10]} Be7 {[%clk 0:15:18]} 7. Re1
{[%clk 0:13:36]} O-O {[%clk 0:15:24]} 8. Nbd2 {[%clk 0:13:22]} c5
{[%clk 0:13:48]} 9. dxc5 {[%clk 0:12:47]} Bxc5 {[%clk 0:13:56]} 10. Nf1
{[%clk 0:12:15]} Nc6 {[%clk 0:13:33]} 11. Be3 d4 {[%clk 0:13:01]} 12. Bg5
{[%clk 0:10:39]} Bb4 {[%clk 0:12:47]} 13. Re4 {[%clk 0:09:49]} Bxf3
{[%clk 0:07:26]} 14. Qxf3 {[%clk 0:09:55]} h6 {[%clk 0:05:19]} 15. Bh4
{[%clk 0:05:53]} Be7 {[%clk 0:03:57]} 16. Re2 {[%clk 0:05:03]} Qd5 17. Qh3 Rfe8
{[%clk 0:03:13]} 18. Rae1 {[%clk 0:05:01]} Kf8 {[%clk 0:01:51]} 19. Nd2
{[%clk 0:03:03]} Bd8 {[%clk 0:00:45]} 20. Bc4 {[%clk 0:02:44]} Rxe2
{[%clk 0:00:30]} 21. Rxe2 {[%clk 0:02:01]} Qd6 {[%clk 0:00:19]} 22. Qf5
{[%clk 0:02:01]} Ne7 {[%clk 0:00:17]} 23. Qb5 Qc6 24. Bxf6 {[%clk 0:01:29]} gxf6
{[%clk 0:00:22]} 25. Qh5 {[%clk 0:01:36]} Ke8 {[%clk 0:00:11]} 26. Bb5
{[%clk 0:01:28]} 1-0

[Event "Russian Championship (Rapid, Women)"]
[Site "Sochi"]
[Date "2018.10.05"]
[Round "2.2"]
[White "Potapova, Margarita"]
[Black "Charochkina, Daria"]
[Result "1/2-1/2"]
[BlackElo "2360"]
[WhiteElo "2151"]
[LiveChessVersion "1.4.8"]

1. e4 {[%clk 0:15:18]} c6 {[%clk 0:15:19]} 2. d4 {[%clk 0:14:44]} d5
{[%clk 0:15:28]} 3. Nc3 {[%clk 0:14:52]} dxe4 {[%clk 0:15:37]} 4. Nxe4
{[%clk 0:15:01]} Bf5 {[%clk 0:15:46]} 5. Ng3 {[%clk 0:15:09]} Bg6
{[%clk 0:15:54]} 6. Nh3 {[%clk 0:15:16]} Nf6 {[%clk 0:15:44]} 7. Nf4
{[%clk 0:15:19]} e5 {[%clk 0:15:53]} 8. dxe5 {[%clk 0:15:26]} Qa5+
{[%clk 0:16:02]} 9. c3 {[%clk 0:14:04]} Qxe5+ {[%clk 0:16:10]} 10. Qe2
{[%clk 0:14:13]} Nbd7 {[%clk 0:16:13]} 11. Nxg6 {[%clk 0:14:17]} hxg6
{[%clk 0:16:16]} 12. Bf4 {[%clk 0:13:09]} Qxe2+ {[%clk 0:16:24]} 13. Bxe2
{[%clk 0:13:16]} Nd5 {[%clk 0:16:30]} 14. Bd2 {[%clk 0:13:20]} f5
{[%clk 0:16:02]} 15. O-O-O {[%clk 0:13:08]} O-O-O {[%clk 0:15:38]} 16. Bg5
{[%clk 0:13:00]} Be7 {[%clk 0:14:05]} 17. Bxe7 {[%clk 0:13:03]} Nxe7
{[%clk 0:14:14]} 18. Bc4 {[%clk 0:12:55]} Ne5 {[%clk 0:14:12]} 19. Be6+
{[%clk 0:13:03]} Kc7 {[%clk 0:14:21]} 20. Rxd8 {[%clk 0:07:22]} Rxd8
{[%clk 0:13:55]} 21. Kc2 {[%clk 0:07:17]} Nd3 {[%clk 0:12:59]} 22. Bf7
{[%clk 0:06:16]} Nxf2 {[%clk 0:12:25]} 23. Re1 {[%clk 0:06:21]} Kd6
{[%clk 0:10:07]} 24. Re2 {[%clk 0:03:52]} Ng4 {[%clk 0:10:00]} 25. Rd2+
{[%clk 0:03:55]} Kc7 {[%clk 0:09:38]} 26. Re2 {[%clk 0:04:04]} Nd5
{[%clk 0:03:48]} 27. Bxg6 {[%clk 0:03:53]} Nde3+ {[%clk 0:03:57]} 28. Kb3
{[%clk 0:03:47]} Rd5 {[%clk 0:04:06]} 29. h3 {[%clk 0:02:37]} Rb5+
{[%clk 0:04:14]} 30. Ka4 {[%clk 0:02:47]} Nd5 {[%clk 0:02:24]} 31. hxg4
{[%clk 0:02:07]} Nb6+ {[%clk 0:02:09]} 32. Ka3 {[%clk 0:02:16]} Nc4+
{[%clk 0:02:18]} 33. Ka4 {[%clk 0:02:25]} Nb6+ {[%clk 0:01:43]} 34. Ka3
{[%clk 0:02:34]} Nc4+ 1/2-1/2

[Event "Russian Championship (Rapid, Women)"]
[Site "Sochi"]
[Date "2018.10.05"]
[Round "2.3"]
[White "Voit, Daria"]
[Black "Bykova, Anastasia"]
[Result "1-0"]
[BlackElo "2170"]
[WhiteElo "2355"]
[LiveChessVersion "1.4.8"]

1. Nf3 {[%clk 0:15:18]} d5 {[%clk 0:15:20]} 2. c4 {[%clk 0:15:26]} c6
{[%clk 0:15:29]} 3. d4 {[%clk 0:15:28]} Nf6 {[%clk 0:15:37]} 4. Nc3
{[%clk 0:15:36]} dxc4 {[%clk 0:15:45]} 5. a4 {[%clk 0:15:38]} Bf5
{[%clk 0:15:54]} 6. e3 {[%clk 0:15:36]} e6 {[%clk 0:16:02]} 7. Bxc4
{[%clk 0:15:43]} Bb4 {[%clk 0:16:10]} 8. O-O {[%clk 0:15:48]} Nbd7
{[%clk 0:16:19]} 9. Bd3 {[%clk 0:15:47]} Bg6 {[%clk 0:16:10]} 10. Qe2
{[%clk 0:15:46]} O-O {[%clk 0:16:12]} 11. e4 {[%clk 0:15:54]} Bh5
{[%clk 0:16:19]} 12. h3 {[%clk 0:15:13]} a5 {[%clk 0:13:24]} 13. Rd1
{[%clk 0:14:49]} Qe7 {[%clk 0:12:22]} 14. g4 {[%clk 0:14:17]} Bg6
{[%clk 0:11:17]} 15. Bf4 {[%clk 0:13:56]} Rfd8 {[%clk 0:07:08]} 16. Rac1
{[%clk 0:12:59]} Qe8 {[%clk 0:06:04]} 17. Bg3 {[%clk 0:12:30]} Rac8
{[%clk 0:05:06]} 18. Ne5 {[%clk 0:10:32]} Nxe5 {[%clk 0:01:46]} 19. dxe5
{[%clk 0:10:35]} Nd7 {[%clk 0:01:55]} 20. f4 {[%clk 0:10:37]} h6 {[%clk 0:01:43]}
21. Bc2 {[%clk 0:10:14]} Qe7 {[%clk 0:00:52]} 22. Kg2 {[%clk 0:09:49]} Bh7
{[%clk 0:00:45]} 23. h4 {[%clk 0:08:49]} Bxc3 {[%clk 0:00:45]} 24. bxc3
{[%clk 0:08:57]} Nc5 {[%clk 0:00:51]} 25. Bf2 {[%clk 0:08:48]} Na6
{[%clk 0:00:20]} 26. h5 {[%clk 0:07:47]} Qa3 {[%clk 0:00:19]} 27. Rxd8+
{[%clk 0:07:12]} Rxd8 {[%clk 0:00:28]} 28. Rd1 {[%clk 0:07:21]} Qe7
{[%clk 0:00:13]} 29. Bb6 {[%clk 0:07:14]} Rxd1 {[%clk 0:00:14]} 30. Qxd1
{[%clk 0:07:22]} g6 {[%clk 0:00:12]} 31. hxg6 {[%clk 0:07:15]} Bxg6
{[%clk 0:00:19]} 32. f5 {[%clk 0:07:11]} exf5 {[%clk 0:00:20]} 33. exf5
{[%clk 0:07:17]} Bh7 {[%clk 0:00:13]} 34. Qd8+ {[%clk 0:06:04]} Qxd8
{[%clk 0:00:20]} 35. Bxd8 {[%clk 0:06:12]} b5 {[%clk 0:00:13]} 36. axb5
{[%clk 0:06:13]} cxb5 {[%clk 0:00:22]} 37. Bxa5 {[%clk 0:06:21]} Nc5
{[%clk 0:00:17]} 38. Kf3 {[%clk 0:06:06]} Nb7 {[%clk 0:00:11]} 39. Bb6
{[%clk 0:06:02]} Kf8 {[%clk 0:00:19]} 40. Ke4 {[%clk 0:06:05]} Ke7
{[%clk 0:00:15]} 41. Kd5 {[%clk 0:06:04]} f6 {[%clk 0:00:16]} 42. e6
{[%clk 0:05:42]} 1-0

[Event "Russian Championship (Rapid, Women)"]
[Site "Sochi"]
[Date "2018.10.05"]
[Round "2.4"]
[White "Zherebtsova, Alexandra"]
[Black "Kashlinskaya, Alina"]
[Result "0-1"]
[BlackElo "2353"]
[WhiteElo "2137"]
[LiveChessVersion "1.4.8"]

1. d4 {[%clk 0:15:19]} Nf6 {[%clk 0:15:18]} 2. Nf3 {[%clk 0:15:27]} g6
{[%clk 0:15:26]} 3. c4 {[%clk 0:15:35]} Bg7 {[%clk 0:15:35]} 4. Nc3
{[%clk 0:15:43]} O-O {[%clk 0:15:27]} 5. e4 {[%clk 0:15:50]} d6 {[%clk 0:15:36]}
6. h3 {[%clk 0:15:42]} e5 {[%clk 0:15:44]} 7. d5 {[%clk 0:15:50]} a5
{[%clk 0:15:51]} 8. g4 {[%clk 0:15:41]} c6 {[%clk 0:15:31]} 9. Be3
{[%clk 0:14:49]} Na6 {[%clk 0:13:00]} 10. Nd2 {[%clk 0:12:49]} Nc5
{[%clk 0:13:09]} 11. Be2 {[%clk 0:12:48]} Ne8 {[%clk 0:11:30]} 12. g5
{[%clk 0:10:50]} f5 {[%clk 0:11:17]} 13. h4 {[%clk 0:10:50]} f4 {[%clk 0:09:10]}
14. Bxc5 {[%clk 0:10:53]} dxc5 {[%clk 0:09:19]} 15. f3 {[%clk 0:09:11]} Nc7
{[%clk 0:06:01]} 16. Nb3 {[%clk 0:08:49]} cxd5 {[%clk 0:06:00]} 17. cxd5
{[%clk 0:08:55]} b6 {[%clk 0:05:21]} 18. Nb5 {[%clk 0:08:02]} a4 {[%clk 0:05:02]}
19. Nxc7 {[%clk 0:06:57]} Qxc7 {[%clk 0:05:08]} 20. Nd2 {[%clk 0:07:05]} Bd7
{[%clk 0:05:03]} 21. Qc2 {[%clk 0:06:43]} b5 {[%clk 0:05:11]} 22. a3
{[%clk 0:06:28]} Qd6 {[%clk 0:04:45]} 23. Bf1 {[%clk 0:06:12]} Rfc8
{[%clk 0:04:33]} 24. Bh3 {[%clk 0:06:13]} Bxh3 {[%clk 0:04:07]} 25. Rxh3
{[%clk 0:06:22]} c4 {[%clk 0:04:16]} 26. Nb1 {[%clk 0:04:03]} b4 {[%clk 0:02:52]}
27. axb4 {[%clk 0:03:52]} Qxb4+ {[%clk 0:03:01]} 28. Nc3 {[%clk 0:01:29]} a3
{[%clk 0:03:10]} 29. bxa3 {[%clk 0:01:36]} Rxa3 {[%clk 0:03:19]} 30. Rxa3
{[%clk 0:01:44]} Qxa3 {[%clk 0:03:28]} 31. Kf1 {[%clk 0:01:14]} Bf8
{[%clk 0:03:24]} 32. Kg2 {[%clk 0:00:24]} Qb3 {[%clk 0:03:32]} 33. Qxb3
{[%clk 0:00:21]} cxb3 {[%clk 0:03:41]} 34. Ne2 {[%clk 0:00:29]} Rc2
{[%clk 0:03:27]} 0-1

[Event "Russian Championship (Rapid, Women)"]
[Site "Sochi"]
[Date "2018.10.05"]
[Round "2.5"]
[White "Shuvalova, Polina"]
[Black "Ivanova, Karina"]
[Result "1-0"]
[BlackElo "2153"]
[WhiteElo "2342"]
[LiveChessVersion "1.4.8"]

1. e4 {[%clk 0:15:17]} c6 {[%clk 0:15:19]} 2. d4 {[%clk 0:15:24]} d5
{[%clk 0:15:27]} 3. e5 {[%clk 0:15:30]} Bf5 {[%clk 0:15:31]} 4. Nd2
{[%clk 0:15:37]} e6 {[%clk 0:15:35]} 5. Nb3 {[%clk 0:15:45]} Nd7 {[%clk 0:15:42]}
6. Nf3 {[%clk 0:15:49]} h6 {[%clk 0:15:34]} 7. Be2 {[%clk 0:15:54]} Ne7
{[%clk 0:15:42]} 8. O-O {[%clk 0:15:54]} Nc8 {[%clk 0:15:48]} 9. Be3
{[%clk 0:14:57]} Be7 {[%clk 0:15:44]} 10. Ne1 {[%clk 0:14:43]} c5
{[%clk 0:14:32]} 11. Nxc5 {[%clk 0:14:08]} Nxc5 {[%clk 0:13:40]} 12. dxc5
{[%clk 0:14:16]} Qc7 {[%clk 0:13:48]} 13. Bb5+ {[%clk 0:11:50]} Kf8
{[%clk 0:13:52]} 14. Qd4 {[%clk 0:11:43]} a6 {[%clk 0:13:34]} 15. Bd3
{[%clk 0:11:44]} g6 {[%clk 0:12:02]} 16. Bxf5 {[%clk 0:11:29]} gxf5
{[%clk 0:12:10]} 17. Nd3 {[%clk 0:11:36]} Na7 {[%clk 0:12:16]} 18. Rfe1
{[%clk 0:11:07]} Rd8 {[%clk 0:11:53]} 19. Rad1 {[%clk 0:10:54]} Nc6
{[%clk 0:11:02]} 20. Qf4 {[%clk 0:10:55]} d4 {[%clk 0:10:58]} 21. Bd2
{[%clk 0:10:27]} Rd5 {[%clk 0:09:50]} 22. c4 {[%clk 0:07:54]} dxc3
{[%clk 0:09:24]} 23. Bxc3 {[%clk 0:08:01]} Bxc5 {[%clk 0:08:00]} 24. Nxc5
{[%clk 0:08:05]} Rxc5 {[%clk 0:08:08]} 25. Rd3 {[%clk 0:07:36]} Ne7
{[%clk 0:07:57]} 26. Bb4 {[%clk 0:07:11]} Rc4 {[%clk 0:07:27]} 27. Qd2
{[%clk 0:07:09]} Rc2 {[%clk 0:07:04]} 28. Qd1 {[%clk 0:06:07]} Ke8
{[%clk 0:06:57]} 29. Bc3 {[%clk 0:05:12]} Rxc3 {[%clk 0:07:03]} 30. Rxc3
{[%clk 0:05:18]} Nc6 {[%clk 0:07:09]} 31. h3 {[%clk 0:05:13]} Ke7
{[%clk 0:07:16]} 32. Qd2 {[%clk 0:05:19]} Qd7 {[%clk 0:07:08]} 33. Rd3
{[%clk 0:05:18]} Qc7 {[%clk 0:07:12]} 34. a3 {[%clk 0:05:02]} Nxe5
{[%clk 0:07:06]} 35. Qb4+ {[%clk 0:04:15]} Ke8 {[%clk 0:07:00]} 36. Qf4
{[%clk 0:03:42]} f6 {[%clk 0:07:02]} 37. Rc3 {[%clk 0:03:45]} Qd7
{[%clk 0:05:55]} 38. Qe3 {[%clk 0:03:03]} Kf7 {[%clk 0:05:51]} 39. Qb6
{[%clk 0:03:01]} Rc8 {[%clk 0:04:53]} 40. Rec1 {[%clk 0:02:14]} Rxc3
{[%clk 0:04:50]} 41. Rxc3 {[%clk 0:02:23]} Nc6 {[%clk 0:04:43]} 42. Rb3
{[%clk 0:02:00]} Nd8 {[%clk 0:04:43]} 43. Rb4 {[%clk 0:01:56]} e5
{[%clk 0:04:37]} 44. Rb3 {[%clk 0:01:54]} f4 {[%clk 0:04:13]} 45. Kh2
{[%clk 0:01:55]} Kg6 {[%clk 0:02:25]} 46. Qb4 {[%clk 0:02:00]} Kf7
{[%clk 0:02:28]} 47. Qe4 {[%clk 0:02:05]} Ke6 {[%clk 0:02:05]} 48. Rd3
{[%clk 0:01:20]} Qc7 {[%clk 0:01:59]} 49. Qg6 {[%clk 0:01:25]} Nf7
{[%clk 0:01:58]} 50. Rc3 {[%clk 0:01:05]} Qb6 {[%clk 0:01:42]} 51. Qg4+
{[%clk 0:01:09]} Ke7 {[%clk 0:01:48]} 52. Qc8 {[%clk 0:01:08]} Qxf2
{[%clk 0:01:37]} 53. Rc7+ {[%clk 0:01:10]} Kd6 {[%clk 0:01:44]} 54. Qd7#
{[%clk 0:01:19]} 1-0